000 00377nam a2200145Ia 4500
008 230917s9999||||xx |||||||||||||| ||und||
040 _e121507
_aMAIN
041 _aEnglish
082 _a297.40954 I4I
100 _aJafri, S. Z. H
245 0 _aIslamic path: sufism, society and politics in India
260 _aNew Delhi
_bRainbow
_c2006
300 _a417p. p.
942 _cBK
999 _c140657
_d140657